00247nam a2200073Ia 4500008004100000082001500041100001900056245009800075240331s9999 xx 000 0 und d a294.3bRAH aRahula thera,  4aThe way to peace and happiness :ba penetrating study in tob the teachings of Gothama Buiddha